Global Energy Sector Companies Quiz Stats

 Plays Quiz not verified by Sporcle

Score 0/30 Timer 08:00
0 Plays Today
Symbol Company % Correct
XOMExxon Mobil
83.3%
CVXChevron
73.8%
RDS.ARoyal Dutch Shell
72.6%
TOTTotal
69%
COPConocoPhillips
61.9%
PBRPetrobras
57.1%
DVNDevon Energy
53.6%
HESHess
50%
OXYOccidental Petroleum
48.8%
HALHalliburton
45.2%
PTRPetroChina
44%
MROMarathon Oil
44%
SLBSchlumberger
42.9%
REPRepsol
42.9%
APAApache
41.7%
Symbol Company % Correct
STOStatoil
39.3%
BHIBaker Hughes
39.3%
SNPSinopec
34.5%
EEni
33.3%
EOGEOG Resources
33.3%
RIGTransocean
33.3%
ECAEnCana
32.1%
SUSuncor Energy
31%
APCAnadarko Petroleum
29.8%
IMOImperial Oil
28.6%
ECEcopetrol
23.8%
ENBEnbridge
23.8%
NOVNational-Oilwell Varco
23.8%
CNQCanadian Natural Resource
22.6%
YZCYanzhou Coal Mining
19%

You're not logged in!

Compare scores with friends on all Sporcle quizzes.
OR
Log In

Show Comments

Extras

Top Quizzes Today


Score Distribution

Your Account Isn't Verified!

In order to create a playlist on Sporcle, you need to verify the email address you used during registration. Go to your Sporcle Settings to finish the process.

Report this User

Report this user for behavior that violates our Community Guidelines.

Details: